Cluster Analysis of Selected World Development Indicators in the Fields of Agriculture and the Food Industry in European Union Countries

Rozdiely vo výkonnosti odvetví poľnohospodárstva a potravinárskeho priemyslu v krajinách EÚ počas obdobia rokov 2002 až 2013 a identifikácia významných rozdielov medzi krajinami, ako aj v dynamike zmien. Jednotlivé krajiny sú zoskupené podľa dlhodobého priemeru vývoja ukazovateľov zbierky Svetovej b...

Descrizione completa

Salvato in:
Dettagli Bibliografici
Autore principale: Reiff, Marian, 1978-
Altri autori: Ivanicova, Zlatica, Surmanová, Kvetoslava
Natura: Capitolo di libro
Lingua:inglese
Soggetti:
Tags: Aggiungi Tag
Nessun Tag, puoi essere il primo ad aggiungerne!!

MARC

LEADER 00000naa a2200000 4500
001 0246111
005 20250917100532.8
041 0 |a eng 
044 |a CZ 
245 1 0 |a Cluster Analysis of Selected World Development Indicators in the Fields of Agriculture and the Food Industry in European Union Countries  |c Marian Reiff, Zlatica Ivanicova, Kvetoslava Surmanová 
520 |a Rozdiely vo výkonnosti odvetví poľnohospodárstva a potravinárskeho priemyslu v krajinách EÚ počas obdobia rokov 2002 až 2013 a identifikácia významných rozdielov medzi krajinami, ako aj v dynamike zmien. Jednotlivé krajiny sú zoskupené podľa dlhodobého priemeru vývoja ukazovateľov zbierky Svetovej banky, ako vývoz poľnohospodárskych surovín, dovoz poľnohospodárskych surovín, index rastlinnej výroby, potravinový index produkcie, index živočíšnej výroby, výnos z obilnín, poľnohospodárska pridaná hodnota a poľnohospodárska pridaná hodnota na jedného pracovníka. 
610 2 0 |a poľnohospodárstvo 
610 2 0 |a potraviny 
610 2 0 |a ukazovatele 
610 2 0 |a vývoj 
610 2 0 |a Európska únia 
100 1 |a Reiff, Marian, 1978- 
700 1 |a Ivanicova, Zlatica 
700 1 |a Surmanová, Kvetoslava